000 00455ntaaa2200193 4500
003 01
005 20251027201720.0
008 0714s1973 ag 01
040 _aAR-BaBN
_bspa
_cAR-BaBN
_eaacr
_dRIC
082 _a234.1100 D98
100 _aDyer, Luther B.
_915710
245 _aTongues
250 _a1 ed.
260 _aJefferson City :
_bLe Roi Publishers,
_c1971
300 _a151 p
650 _alengues
_915711
650 _ateologĂ­a
942 _cBK
999 _c11820
_d11820